| 000 | 00635nam a22001697a 4500 | ||
|---|---|---|---|
| 003 | MACL | ||
| 005 | 20160716164549.0 | ||
| 008 | 160716b xxu||||| |||| 00| 0 eng d | ||
| 040 | _cMACL | ||
| 041 | _aHindi | ||
| 082 | _a001 JAI | ||
| 100 |
_aजैन, चंचल _934236 |
||
| 245 |
_aमहावीर कॉम्पिटिशन टाइम्स कृत सपूर्ण सामान्य हिन्दी _cचंचल जैन |
||
| 260 |
_aइन्दौर _bमहावीर पब्लिशर्स |
||
| 650 |
_aसामान्य ज्ञान _9328 |
||
| 942 |
_2ddc _cHIN |
||
| 999 |
_c54330 _d54330 |
||